header

Measuring marketing (Record no. 72838)

MARC details
000 -LEADER
fixed length control field 01630nam a2200325 a 4500
100 1# - MAIN ENTRY--AUTHOR NAME
Personal name Davis, John,
245 10 - TITLE STATEMENT
Title Measuring marketing
250 ## - EDITION STATEMENT
Edition statement 2nd ed.
260 ## - PUBLICATION, DISTRIBUTION, ETC. (IMPRINT)
Place of publication Singapore :
Name of publisher John Wiley & Sons Singapore,
Year of publication 2013.
300 ## - PHYSICAL DESCRIPTION
Number of Pages xxii, 344 p. :
Other physical details ill.
505 0# - FORMATTED CONTENTS NOTE
Formatted contents note section 1. Corporate financial metrics -- section 2. Marketing planning metrics -- section 3. Brand metrics -- section 4. Customer metrics -- section 5. Product/offering metrics -- section 6. Price metrics -- section 7. Advertising/promotion metrics -- section 8. Direct marketing metrics -- section 9. Online/digital/social metrics -- section 10. Place/distribution metrics -- section 11. Sales metrics.
650 #0 - SUBJECT ADDED ENTRY--TOPICAL TERM
Topical Term Marketing
Topical Term Marketing research.
856 40 - ELECTRONIC LOCATION AND ACCESS
Uniform Resource Identifier http://site.ebrary.com/lib/rucke/Doc?id=10629615

No items available.

© 2026 Rongo University
Contact us: librarian | system librarian | Rongo university